Schaum's outline of theory and problems of basic circuit analysis (E-Book) (Record no. 192053)
[ view plain ]
| 000 -LEADER | |
|---|---|
| fixed length control field | 00815 a2200277 4500 |
| 003 - CONTROL NUMBER IDENTIFIER | |
| control field | Nust |
| 005 - DATE AND TIME OF LATEST TRANSACTION | |
| control field | 20170207154029.0 |
| 020 ## - INTERNATIONAL STANDARD BOOK NUMBER | |
| International Standard Book Number | 0-07-047824-4 |
| 040 ## - CATALOGING SOURCE | |
| Transcribing agency | Nust |
| 082 0# - DEWEY DECIMAL CLASSIFICATION NUMBER | |
| Classification number | 621.319 2 |
| 082 0# - DEWEY DECIMAL CLASSIFICATION NUMBER | |
| Classification number | 621.319 2 |
| 082 0# - DEWEY DECIMAL CLASSIFICATION NUMBER | |
| Classification number | 621.319 |
| Author Mark | 2 |
| 100 1# - MAIN ENTRY--PERSONAL NAME | |
| Personal name | O'Malley, John |
| 245 00 - TITLE STATEMENT | |
| Title | Schaum's outline of theory and problems of basic circuit analysis (E-Book) |
| Statement of responsibility, etc. | John O'Mally |
| 246 14 - VARYING FORM OF TITLE | |
| Title proper/short title | Basic circuit analysis. |
| 246 14 - VARYING FORM OF TITLE | |
| Title proper/short title | Basic circuit analysis. |
| 250 ## - EDITION STATEMENT | |
| Edition statement | 2. ed. |
| 260 ## - PUBLICATION, DISTRIBUTION, ETC. | |
| Place of publication, distribution, etc. | New York : |
| Name of publisher, distributor, etc. | McGraw-Hill, |
| Date of publication, distribution, etc. | cop. 1992 |
| 300 ## - PHYSICAL DESCRIPTION | |
| Extent | ix, 419 s. : |
| Other physical details | ill. ; |
| Dimensions | 28 cm. |
| 490 0# - SERIES STATEMENT | |
| Series statement | Schaum's outline series |
| 650 #0 - SUBJECT ADDED ENTRY--TOPICAL TERM | |
| Topical term or geographic name entry element | Electric circuit analysis |
| 650 #0 - SUBJECT ADDED ENTRY--TOPICAL TERM | |
| Topical term or geographic name entry element | Electric circuits |
| 650 #0 - SUBJECT ADDED ENTRY--TOPICAL TERM | |
| Topical term or geographic name entry element | Elektronik ; Integrerade kretsar |
| 651 ## - SUBJECT ADDED ENTRY--GEOGRAPHIC NAME | |
| Geographic name | (E-Book) |
| 740 0# - ADDED ENTRY--UNCONTROLLED RELATED/ANALYTICAL TITLE | |
| Uncontrolled related/analytical title | Theory and problems of basic circuit analysis |
| 942 ## - ADDED ENTRY ELEMENTS (KOHA) | |
| Source of classification or shelving scheme | |
| Koha item type | Book |
| Withdrawn status | Lost status | Source of classification or shelving scheme | Damaged status | Not for loan | Collection code | Permanent Location | Current Location | Date acquired | Total Checkouts | Full call number | Barcode | Date last seen | Price effective from | Koha item type |
|---|---|---|---|---|---|---|---|---|---|---|---|---|---|---|
| Military College of Signals (MCS) | Military College of Signals (MCS) | 12/12/2016 | 621.319 | MCS1146 | 12/08/2016 | 12/12/2016 | Book |
